| 000 | 01405nam a22002417a 4500 | ||
|---|---|---|---|
| 999 |
_c1744 _d1744 |
||
| 003 | AR-CdUCM | ||
| 008 | 190227b ||||| |||| 00| 0 spa d | ||
| 040 |
_aMUNICIPALIDAD PROVINCIAL DEL CUSCO _cBIBLIOTECA MUNICIPAL DEL CUSCO |
||
| 082 |
_a985.0331 / _bV39 |
||
| 100 |
_aVega, Juan José _9819 |
||
| 110 |
_aMunicipalidad del Qosqo _96414 |
||
| 245 | _aTúpac Amaru y sus compañeros / | ||
| 260 |
_aCusco : _bMunicipalidad del Qosqo, _c1995. |
||
| 300 |
_aXXIII, 277 páginas ; _bilustraciones, _c28.5 cm. |
||
| 505 | _aContenido: t.1 : Tupac Amaru -- La infancia -- Una juventud difícil -- Años de lucha del cacique arriero -- Tupac amaru en Lima -- La conjura andina indocriolla -- Tungasuca: sublevación con dos engranajes -- las victorias iniciales -- Al Collao: guerra contra dos virreyes -- La acción de la junta de guerra virreynal -- Dos marchas sobre el Qosqo -- El ataque al Qosqo -- El ave fénix: los pobres al poder -- Prisión y torturas -- La inmortalidad -- Anexos ... t.2 : Micaela Bastidas -- Los compañeros -- Los del Qosqo -- Algunos tupamaristas de otras regiones -- Los de Arequipa -- Ayacucho -- Puno -- Lambayeque ... | ||
| 650 |
_aRebelión de Túpac Amaru _96415 |
||
| 650 |
_aHistoria - Perú _94248 |
||
| 650 |
_aSiglo XVII _92242 |
||
| 650 |
_aMicaela Bastidas _93177 |
||
| 650 |
_aCusco - Siglo XVII _96416 |
||
| 942 |
_2ddc _cLIBROS |
||
| 945 |
_alccs _d2019-02-27 |
||